I-95 Counties - Statistics

General Stats
  • This quiz has been taken 8 times
  • The average score is 50 of 93
Answer Stats
Hint Answer % Correct
VA Alexandria
83%
NY Bronx
83%
VA Fairfax
83%
FL Miami-Dade
83%
NC Nash
83%
NJ Union
83%
MD Baltimore
67%
MD Baltimore
67%
NJ Bergen
67%
GA Camden
67%
VA Caroline
67%
VA Chesterfield
67%
VA Colonial Heights
67%
NC Cumberland
67%
ME Cumberland
67%
DC DC
67%
VA Emporia
67%
NJ Essex
67%
MA Essex
67%
VA Fredericksburg
67%
VA Greensville
67%
NC Halifax
67%
VA Hanover
67%
VA Henrico
67%
NJ Hudson
67%
NJ Mercer
67%
NJ Middlesex
67%
CT Middlesex
67%
MA Middlesex
67%
NY New York
67%
NC Northampton
67%
FL Palm Beach
67%
VA Petersburg
67%
VA Prince George
67%
VA Prince William
67%
VA Richmond
67%
VA Spotsylvania
67%
VA Stafford
67%
FL Brevard
50%
FL Broward
50%
GA Bryan
50%
NJ Burlington
50%
GA Chatham
50%
SC Colleton
50%
PA Delaware
50%
SC Dillon
50%
FL Duval
50%
FL Flagler
50%
SC Florence
50%
GA Glynn
50%
SC Hampton
50%
NC Harnett
50%
MD Howard
50%
FL Indian River
50%
SC Jasper
50%
NC Johnston
50%
RI Kent
50%
GA Liberty
50%
FL Martin
50%
GA McIntosh
50%
FL Nassau
50%
DE New Castle
50%
SC Orangeburg
50%
PA Philadelphia
50%
MD Prince George's
50%
RI Providence
50%
NC Robeson
50%
ME Somerset
50%
FL St Johns
50%
FL St Lucie
50%
SC Sumter
50%
VA Sussex
50%
FL Volusia
50%
NY Westchester
50%
ME Androscoggin
33%
MA Bristol
33%
PA Bucks
33%
MD Cecil
33%
SC Dorchester
33%
CT Fairfield
33%
MD Harford
33%
CT New Haven
33%
CT New London
33%
MA Norfolk
33%
ME Penobscot
33%
NH Rockingham
33%
ME Waldo
33%
RI Washington
33%
NC Wilson
33%
ME York
33%
ME Aroostook
17%
SC Clarendon
17%
ME Kennebec
17%
No matching quizzes found
Score Distribution
Percent of People with Each Score
Percentile by Number Answered
Your Score History
You have not taken this quiz